Indovina la capitale Europea da un luogo - Statistics

Statistiche generali
  • Questo quiz è stato fatto 59 volte
  • Il punteggio medio è 10 su 16
Statistiche sulle risposte
con Immagini Risposta % Corretto
Londra
100%
Parigi
100%
Roma
98%
Atene
94%
Madrid
76%
Berlino
67%
Lisbona
67%
Bruxelles
61%
Praga
56%
Amsterdam
50%
Vienna
44%
Dublino
43%
San Marino
43%
Reykjavik
35%
Lussemburgo
13%
Stoccolma
13%
Nessun quiz corrispondente trovato
Distribuzione punteggi
Percentuale di utenti per punteggio
Percentile per numero di risposta
I tuoi punteggi nel tempo
Non hai fatto questo quiz